Responses for Show #5561 - Monday, November 10, 2008

2008-B Teen Tournament quarterfinal game 1.

Ask Alex #1: Will Ferrell.

Contestants

[<< previous game]

Christopher Weis, a sophomore from Pittsburgh, Pennsylvania

Anurag Kashyap, a senior from Poway, California

Katie Houghton, a senior from Ewing, New Jersey

[next game >>]

Jeopardy! Round responses

WHO WROTE IT?
I'LL GIVE YOU MY IMPRESSIONS
DE-ELECTABLE
YOU'RE SUCH AN ANIMAL!
SHOPPING SPREE
"HIGH" ANXIETY
    $200 2
Martin Luther King, Jr.

Katie
    $200 1
[Note: Alex did not actually perform an impression in the first four clues.]
(Alex: Did my impression of the Governor help you come up with the correct response?)
(Christopher: Yes.)
(Alex: Good.)

Arnold Schwarzenegger

Christopher
    $200 21
George W. Bush

Anurag
    $200 16
a piranha

Anurag
    $200 26
Natalie Portman

Katie
    $200 10
a high chair

Katie
    $400 3
Hunter S. Thompson

Triple Stumper
    $400 4
Darth Vader

Christopher
    $400 22
Jimmy Carter

Christopher
    $400 17
the llama

Christopher
    $400 27
Forever 21

Anurag
    $400 11
high-tops

Katie
    $600 7
(Alexandre) Dumas

Anurag
    $600 5
Keanu Reeves

Katie
    $600 23
John Adams

Anurag
    $600 18
(Katie: What is a leopard?)

a cheetah

KatieAnurag
    $600 28
Foot Locker

Anurag
    $600 12
the high jump

Anurag
    $800 8
Christopher Paolini

Triple Stumper
    $800 6
Austin Powers

Anurag
    $800 24
Richard Nixon

Christopher
    $1,200 19
an elk

Anurag
    $800 29
Aeropostale

Anurag
    $800 13
high and dry

Katie
    $1000 9
Tennyson

Anurag
    $1000 15
(Alex: [Normal voice] Yes! And I finally got an impression in--a very bad impression.)

Mickey Mouse

Anurag
    $1000 25
FDR

Christopher
    $1000 20
(Anurag: What is an Eskimo?)

Malamute

Anurag
Triple Stumper
    $1000 30
Sanrio

Triple Stumper
    $1000 14
(Anurag: What is "Hello, your Highness"?)

Your Royal Highness

KatieAnurag

Scores at the first commercial break (after clue 15):

Katie Anurag Christopher
$3,200 $3,000 $600

Scores at the end of the Jeopardy! Round:

Katie Anurag Christopher
$2,800 $6,600 $3,200

Double Jeopardy! Round responses

COLOMBIAN CONNECTIONS
THE ROLES OF A LIFETIME
(Alex: You have to identify the actor.)
AMERICA IN THE 1800s
BESTSELLERS: 2006
MUSEUMS
"OO" 7-LETTER WORDS
    $400 16
(Christopher: What is Venezuela?)

Brazil

AnuragChristopher
    $400 26
Jack Black

Katie
    $400 11
West Point

Katie
    $400 21
Dead Man's Chest

Christopher
    $400 1
San Francisco

Katie
    $400 6
a Hoosier

Katie
    $800 17
the Caribbean

Anurag
    $800 27
Anne Hathaway

Katie
    $800 12
John Wilkes Booth

Katie
    $800 22
(John) Madden

Anurag
    $2,000 2
the Air and Space Museum

Katie
    $800 7
a caboose

Katie
    $1200 18
Panama

Christopher
    $1200 28
Shia LaBeouf

Katie
    $1200 13
Fifty-Four Forty

Anurag
    $1,200 23
(Anurag: What is U.S. Today?)

USA Today

Anurag
    $1200 3
the Rock and Roll Hall of Fame

Christopher
    $1200 8
a bazooka

Anurag
    $1600 19
the Pacific Ocean

Anurag
    $1600 29
Julia Roberts

Triple Stumper
    $1600 14
the Missouri Compromise

Anurag
    $1600 24
The Da Vinci Code

Katie
    $1600 4
South Africa

Christopher
    $1600 9
a lampoon

Anurag
    $2000 20
(Anurag: What is Bolivia?)

Ecuador

Anurag
Triple Stumper
    $2000 30
(Alex: [To Katie] You've been spending a lot of time at the movies, but it paid off. You're at $13,600 in second place.)

Abigail Breslin

Katie
    $2000 15
(William Lloyd) Garrison

Anurag
    $2000 25
(Anurag: What are taxes?)
(Alex: Be more specific.)
(Anurag: What are income taxes?)
(Alex: [Pauses] Okay, we'll accept that.)

income tax returns (income taxes accepted)

Anurag
    $2000 5
the Prado

Anurag
    $2000 10
(Anurag: What is to bamboozle?)

snooker

Anurag
Triple Stumper

Scores at the end of the Double Jeopardy! Round:

Katie Anurag Christopher
$13,600 $16,600 $7,200

Final Jeopardy! Round responses

19th CENTURY INVENTIONS
ChristopherWhat is barbed wire?
$7,199
KatieWhat is Morse
$7,500
AnuragWhat is the telephone?
$3,400
the telegraph

Final scores:

Katie Anurag Christopher
$6,100 $13,200 $1
2nd place: $5,000 if eliminated Automatic semifinalist 3rd place: $5,000 if eliminated

Game dynamics:

Coryat scores:

Katie Anurag Christopher
$12,400 $17,400 $7,200
18 R
(including 1 DD),
1 W
24 R
(including 1 DD),
5 W
(including 1 DD)
10 R,
1 W

Combined Coryat: $37,000

[game clues] [game scores] [suggest correction]

Game tape date: 2008-10-06
The J! Archive is created by fans, for fans. Scraping, republication, monetization, and malicious use prohibited; this site may use cookies and collect identifying information. See terms. The Jeopardy! game show and all elements thereof, including but not limited to copyright and trademark thereto, are the property of Jeopardy Productions, Inc. and are protected under law. This website is not affiliated with, sponsored by, or operated by Jeopardy Productions, Inc. Join the discussion at JBoard.tv.